| 000 | 00401pab a2200157 454500 | ||
|---|---|---|---|
| 008 | 180718b2001 xxu||||| |||| 00| 0 eng d | ||
| 100 | _aAlder, John | ||
| 245 | _aIncommensurable values and judicial review: the case of local government | ||
| 260 | _c2001 | ||
| 300 | _ap.717-35 | ||
| 362 | _aWinter | ||
| 650 | _aJudiciary | ||
| 650 | _aLocal government | ||
| 773 | _aPublic Law | ||
| 909 | _a50693 | ||
| 999 |
_c50693 _d50693 |
||